LEADER 00994nam0-22003251i-450- 001 990005276680403321 005 20070702130932.0 035 $a000527668 035 $aFED01000527668 035 $a(Aleph)000527668FED01 035 $a000527668 100 $a19990604d1976----km-y0itay50------ba 101 0 $aita 105 $ay-------001yy 200 1 $aDibattito sulla lettura politica del Vangelo$eil "Gesł" di Fernando Belo, Giorgio Girardet, Filippo Gentiloni$fOrtensio da Spinetoli 210 $aTorino$cClaudiana$dc.1976 215 $a187 p.$d20 cm 225 1 $aPiccola collana moderna$v29 676 $a226 702 1$aBelo,$bFernando 702 1$aOrtensio :$cda Spinetoli 702 1$aGentiloni,$bFilippo 702 1$aGirardet,$bGiorgio 801 0$aIT$bUNINA$gRICA$2UNIMARC 901 $aBK 912 $a990005276680403321 952 $a226 GIR 1$bST.REL. 957$fFLFBC 959 $aFLFBC 996 $aDibattito sulla lettura politica del Vangelo$9538828 997 $aUNINA LEADER 02542oam 2200625I 450 001 9910959158103321 005 20251214175652.0 010 $a0-415-19631-0 010 $a1-136-28725-6 010 $a1-138-13040-0 010 $a1-315-00859-9 010 $a1-136-28718-3 024 7 $a10.4324/9781315008592 035 $a(CKB)2550000001094534 035 $a(EBL)1222857 035 $a(OCoLC)852757779 035 $a(Au-PeEL)EBL1222857 035 $a(CaPaEBR)ebr10727404 035 $a(CaONFJC)MIL501349 035 $a(OCoLC)851154632 035 $a(OCoLC)1058148197 035 $a(FINmELB)ELB134706 035 $a(CaSebORM)9780415196321 035 $a(MiAaPQ)EBC1222857 035 $a(EXLCZ)992550000001094534 100 $a20180331d1998 uy 0 101 0 $aeng 135 $aur|n|---||||| 181 $ctxt$2rdacontent 182 $cc$2rdamedia 183 $acr$2rdacarrier 200 00$aCritical realism $eessential readings /$fedited by Margaret Archer. [et al.] 205 $a1st edition 210 1$aLondon ;$aNew York :$cRoutledge,$d1998. 215 $a1 online resource (785 p.) 225 1 $aCritical realism--interventions 225 0$aCritical realism--interventions 300 $aDescription based upon print version of record. 311 08$a0-415-19632-9 311 08$a1-299-70098-5 320 $aIncludes bibliographical references and index. 327 $apt. 1. Transcendental realism and science -- pt. 2. Critical naturalism and social science -- pt. 3. The theory of explanatory critiques -- pt. 4. Dialectic and dialectical critical realism. 330 $aCritical realism is a movement in philosophy and the human sciences most closely associated with the work of Roy Bhaskar. Since the publication of Bhaskars A Realist Theory of Science, critical realism has had a profound influence on a wide range of subjects. This reader makes accessible, in one volume, key readings to stimulate debate about and within critical realism. It explores the following themes:* transcendental realist* the theory of explanatory critique* dialectics* Bhaskar's critical naturalist philosophy of science. 410 0$aCritical realism--interventions. 606 $aCritical realism 615 0$aCritical realism. 676 $a149/.2 701 $aArcher$b Margaret S$g(Margaret Scotford)$01158235 801 0$bMiAaPQ 801 1$bMiAaPQ 801 2$bMiAaPQ 906 $aBOOK 912 $a9910959158103321 996 $aCritical realism$94470185 997 $aUNINA